|
|
|
|
| LEADER |
00588nam a22001337a 4500 |
| 003 |
OSt |
| 082 |
|
|
|a 630
|b MIN/RE
|
| 245 |
|
|
|a Report of the national commission on agriculture 1976:
|b rural employment and special area programmes part 13
|
| 260 |
|
|
|a New Delhi
|b Government of India
|b Ministry of Agriculture and Irrigation
|
| 300 |
|
|
|a 191p.
|
| 546 |
|
|
|a English
|
| 942 |
|
|
|2 ddc
|c REF
|
| 999 |
|
|
|c 163415
|d 163415
|
| 952 |
|
|
|0 0
|1 0
|2 ddc
|4 0
|6 630_000000000000000_MINRE
|7 1
|8 REF
|9 162657
|a KAUCLV
|b KAUCLV
|c REF
|d 2019-01-21
|o 630 MIN/RE
|p 907061
|r 2019-01-21
|w 2019-01-21
|y REF
|z Book transferred from CoH Library, Acc.No: 4101
|